MARC details
| 000 -CABECERA |
| campo de control de longitud fija |
02545nam a2200361 a 4500 |
| 001 - NÚMERO DE CONTROL |
| campo de control |
dia_1813 |
| 003 - IDENTIFICADOR DEL NÚMERO DE CONTROL |
| campo de control |
CHAP |
| 005 - FECHA Y HORA DE LA ÚLTIMA TRANSACCIÓN |
| campo de control |
20230704134823.0 |
| 007 - CAMPO FIJO DE DESCRIPCIÓN FÍSICA--INFORMACIÓN GENERAL |
| campo de control de longitud fija |
ta |
| 008 - DATOS DE LONGITUD FIJA--INFORMACIÓN GENERAL |
| campo de control de longitud fija |
220117s1969 mx bdo fr 101 0 spa d |
| 010 ## - NÚMERO DE CONTROL DE LA BIBLIOTECA DEL CONGRESO |
| Número de control de LC |
172351 |
| 040 ## - FUENTE DE LA CATALOGACIÓN |
| Centro/agencia transcriptor |
CHAP |
| Centro catalogador/agencia de origen |
mxchpua |
| 050 10 - SIGNATURA TOPOGRÁFICA DE LA BIBLIOTECA DEL CONGRESO |
| Número de clasificación |
SB190 |
| Número de documento/Ítem |
M46 1969 |
| 082 00 - NÚMERO DE LA CLASIFICACIÓN DECIMAL DEWEY |
| Número de clasificación |
631.568 |
| Número de documento/Ítem |
M46 1969 |
| Número de edición |
20 |
| 110 1# - ENTRADA PRINCIPAL--NOMBRE DE ENTIDAD CORPORATIVA |
| Nombre de entidad corporativa o nombre de jurisdicción como elemento de entrada |
Almacenes Nacionales de Depósito |
| 9 (RLIN) |
151637 |
| 245 10 - MENCIÓN DE TÍTULO |
| Título |
Memoria sobre trabajos y estudios realizados en ANDSA sobre manejo, almacenamiento, conservación y certificación de calidad de productos almacenados / |
| Mención de responsabilidad, etc. |
Almacenes Nacionales de Depósito |
| 250 ## - MENCIÓN DE EDICIÓN |
| Mención de edición |
1a edición |
| 264 ## - PRODUCCIÓN, PUBLICACIÓN, DISTRIBUCIÓN, FABRICACIÓN Y COPYRIGHT |
| Producción, publicación, distribución, fabricación y copyright |
México : |
| Nombre del de productor, editor, distribuidor, fabricante |
Almacenes Nacionales de Depósito, |
| Fecha de producción, publicación, distribución, fabricación o copyright |
1969 |
| 300 ## - DESCRIPCIÓN FÍSICA |
| Extensión |
288 páginas : |
| Otras características físicas |
ilustraciones, mapas, gráficas, tablas, fotos |
| 336 ## - TIPO DE CONTENIDO |
| Término de tipo de contenido |
texto |
| Código de tipo de contenido |
txt |
| Fuente |
rdacontent |
| 337 ## - TIPO DE MEDIO |
| Nombre/término del tipo de medio |
sin medio |
| Código del tipo de medio |
n |
| Fuente |
rdamedia |
| 338 ## - TIPO DE SOPORTE |
| Nombre/término del tipo de soporte |
volumen |
| Código del tipo de soporte |
nc |
| Fuente |
rdacarrier |
| 504 ## - NOTA DE BIBLIOGRAFÍA, ETC. |
| Nota de bibliografía, etc. |
Incluye bibliografías |
| 505 ## - NOTA DE CONTENIDO CON FORMATO |
| Información miscelánea |
1. |
| Título |
Almacenes Nacionales de depósito / |
| Mención de responsabilidad |
Juan Salazar Thedaldi -- |
| Información miscelánea |
2. |
| Título |
Muestreo y análisis de grano / |
| Mención de responsabilidad |
Juan Saazar Thedaldi -- |
| Información miscelánea |
3. |
| Título |
Precauciones, seguridad y eficiencia con el uso de los fumigantes empleados por ANDSA en la conservación de cereales / |
| Mención de responsabilidad |
Manuel Gil G. y José Delgado S. -- |
| Información miscelánea |
4. |
| Título |
El efecto de los rayos gamma en algunas plagas de granos almacenados: observaciones generales / |
| Mención de responsabilidad |
Felipe Romero R. -- |
| Información miscelánea |
5. |
| Título |
Efectos de las radiaciones gamma en el gorgojo del arroz (Sitophilus Oryzae L.) : observaciones preliminares / |
| Mención de responsabilidad |
Felipe Romero R., C. García M. y L. López Martínez de Alba -- |
| Información miscelánea |
6. |
| Título |
Producción de aflatoxinas por algunos aislamientos de Aspergillus Flavus / |
| Mención de responsabilidad |
Ma. Elena Cobian de R., Cirio Arias Velázquez, Clayd M. Christensen y Ernesto Moreno -- |
| Información miscelánea |
7. |
| Título |
La microbiología del maíz almacenado en México / |
| Mención de responsabilidad |
Jose A. Herrera C., Manuel Gil G. y Jaime Arana M. -- |
| Información miscelánea |
8. |
| Título |
Antibiosis del bacilo BHH frente a los hongos de almacén / |
| Mención de responsabilidad |
José A. Herrera C. y Jaime Arana M. -- |
| Información miscelánea |
9. |
| Título |
Utilización del medidor eléctrico Motomco modelo 919 para determinar el contenido de humedad en frijol / |
| Mención de responsabilidad |
Cirio Arias Velázquez y margarito Coronado M. -- |
| Información miscelánea |
10. |
| Título |
Tratamiento de costales con insecticidas / |
| Mención de responsabilidad |
Manuel Gil Gutiérrez |
| 650 ## - PUNTO DE ACCESO ADICIONAL DE MATERIA--TÉRMINO DE MATERIA |
| Término de materia o nombre geográfico como elemento de entrada |
Granos |
| Subdivisión general |
Almacenamiento |
| -- |
Equipo y accesorios |
| 9 (RLIN) |
151621 |
| 650 ## - PUNTO DE ACCESO ADICIONAL DE MATERIA--TÉRMINO DE MATERIA |
| Término de materia o nombre geográfico como elemento de entrada |
Maíz |
| Subdivisión general |
Almacenamiento y conservación |
| 9 (RLIN) |
151622 |
| 650 ## - PUNTO DE ACCESO ADICIONAL DE MATERIA--TÉRMINO DE MATERIA |
| Término de materia o nombre geográfico como elemento de entrada |
Productos Agrícolas |
| Subdivisión general |
Almacenamiento |
| 9 (RLIN) |
91897 |
| 710 1# - PUNTO DE ACCESO ADICIONAL--NOMBRE DE ENTIDAD CORPORATIVA |
| 9 (RLIN) |
151637 |
| Nombre de entidad corporativa o nombre de jurisdicción como elemento de entrada |
Almacenes Nacionales de Depósito |
| 942 ## - ELEMENTOS DE PUNTO DE ACCESO ADICIONAL (KOHA) |
| Tipo de ítem Koha |
Libro |
| Fuente del sistema de clasificación o colocación |
Dewey Decimal Classification |
| 901 ## - ELEMENTOS DE DATOS A LOCAL LDA (RLIN) |
| a |
631.568 M46 1969 |
| 902 ## - ELEMENTOS DE DATOS B LOCAL, LDB (RLIN) |
| a |
M |
| 905 ## - ELEMENTOS DE DATOS E LOCAL, LDE (RLIN) |
| a |
0000001969 MEX 0010000000ESP00 |